Top 15 Wine Producing Countries - Statistics

General Stats
  • This quiz has been taken 43 times
  • The average score is 11 of 15
Answer Stats
Wine Region Country % Correct
Bordeaux France
100%
Tuscany Italy
98%
Rioja Spain
95%
Napa Valley United States
88%
Mendoza Argentina
86%
Yantai-Penglai China
79%
Cotnari/ Moldovan Hills Romania
71%
Mosel Valley Germany
64%
Douro Valley Portugal
62%
Hunter Valley Australia
60%
Dagestan Russia
60%
Central Valley Chile
57%
Marlborough New Zealand
55%
Nemea Greece
40%
Constantia Valley South Africa
36%
No matching quizzes found
Score Distribution
Percent of People with Each Score
Percentile by Number Answered
Your Score History
You have not taken this quiz